header

Connecting boys with books 2 (Record no. 225148)

MARC details
000 -LEADER
fixed length control field 01981nam a2200421 a 4500
082 04 - DEWEY DECIMAL CLASSIFICATION NUMBER
Classification number 028.5/5083
100 1# - MAIN ENTRY--AUTHOR NAME
Personal name Sullivan, Michael,
245 10 - TITLE STATEMENT
Title Connecting boys with books 2
260 ## - PUBLICATION, DISTRIBUTION, ETC. (IMPRINT)
Place of publication Chicago :
Name of publisher American Library Association,
Year of publication 2009.
300 ## - PHYSICAL DESCRIPTION
Number of Pages v, 126 p.
505 0# - FORMATTED CONTENTS NOTE
Formatted contents note A blueprint for boys and reading -- The reading gap -- Boys and girls are different -- Read for fun, read forever -- Exposing boys to story -- Honoring boys' literature -- Promoting reading to boys -- Creating the culture of literacy.
650 #0 - SUBJECT ADDED ENTRY--TOPICAL TERM
Topical Term Boys
Topical Term Teenage boys
Topical Term Reading
Topical Term Reading promotion
Topical Term Sex differences in education
Topical Term Children's libraries
Topical Term Young adults' libraries
Topical Term School libraries
856 40 - ELECTRONIC LOCATION AND ACCESS
Uniform Resource Identifier http://site.ebrary.com/lib/rucke/Doc?id=10482278

No items available.

© 2026 Rongo University
Contact us: librarian | system librarian | Rongo university